000 00296nam a22001337a 4500
008 181106b xxu||||| |||| 00| 0 eng d
020 _a2900521667998
041 _aeng
080 _a321
100 _a21
101 _aPOL
245 _aPaine Political Writing
_cBRuce .K
942 _2udc
_cBK
999 _c52048
_d52048